| 000 | 01184cab a2200337 4500 | ||
|---|---|---|---|
| 001 | ABS55705 | ||
| 008 | 090401t1996 xxu||||| |||| 00| 0 eng d | ||
| 035 | _a(Sirsi) u18201 | ||
| 041 | _aeng | ||
| 100 | _aGibbard, R | ||
| 245 | _aAgricultural rent arbitrations: the implications of "Childers v Anker" | ||
| 260 | _c1996 | ||
| 350 | _a0 | ||
| 490 |
_aRent Review & Lease Renewal _v16(3) 1996, 22-30(9) |
||
| 520 | _aDiscusses the implications of "Childers v Anker" for future agricultural rent arbitrations and the factors of marriage value and scarcity when making an arbitration award. | ||
| 650 | _aAGRICULTURAL HOLDINGS ACT 1986 | ||
| 650 | _aAGRICULTURAL TENANCIES ACT 1995 | ||
| 650 | _aCHILDERS TRUSTEES V ANKER | ||
| 650 | _aCOMPARABLES | ||
| 650 | _aFARM RENTS | ||
| 650 | _aMARRIAGE VALUE | ||
| 650 | _aOPEN MARKET VALUE | ||
| 650 | _aRENT REVIEWS | ||
| 650 | _aSCARCITY | ||
| 650 | _aVALUATION ISSUES | ||
| 650 | _aWILLING TENANT | ||
| 690 | _aMANAGEMENT-DISPUTE AVOIDANCE, MANAGEMENT AND RESOLUTION-DISPUTE MANAGEMENT AND RESOLUTION-ARBITRATION | ||
| 690 | _aLANDLORD AND TENANT-AGRICULTURAL TENANCIES | ||
| 942 | _n0 | ||
| 948 | _c04/03/1997 | ||
| 999 |
_c12074 _d12074 |
||